ARRUPE JESUIT UNIVERSITY

CORONAVIRUS -STOP THE SPREAD - CLEAN,DISINFECT,COVER

American Philosophical Association (Record no. 130752)

MARC details
000 -LEADER
fixed length control field 00346nam a22001337a 4500
003 - CONTROL NUMBER IDENTIFIER
control field ARRUPE
005 - DATE AND TIME OF LATEST TRANSACTION
control field 20211012085839.0
008 - FIXED-LENGTH DATA ELEMENTS--GENERAL INFORMATION
fixed length control field 211012b ||||| |||| 00| 0 eng d
040 ## - CATALOGING SOURCE
Transcribing agency Arrupe
050 ## - LIBRARY OF CONGRESS CALL NUMBER
Classification number Periodical
245 ## - TITLE STATEMENT
Title American Philosophical Association
260 ## - PUBLICATION, DISTRIBUTION, ETC. (IMPRINT)
Place of publication, distribution, etc Delaware
Name of publisher, distributor, etc University of Delaware
Date of publication, distribution, etc 2009
942 ## - ADDED ENTRY ELEMENTS (KOHA)
Source of classification or shelving scheme Library of Congress Classification
Koha item type PER
Holdings
Withdrawn status Lost status Source of classification or shelving scheme Damaged status Not for loan Collection code Home library Current library Shelving location Date acquired Total Checkouts Full call number Date last seen Price effective from Koha item type
    Library of Congress Classification     SPECIAL Collection ARRUPE LIBRARY ARRUPE LIBRARY REFERENCE 12/10/2021   Periodical 12/10/2021 12/10/2021 PER

 

Arrupe Library. PO Box MP320 Mt Pleasant, Harare, Zimbabwe
263 242 745411|librarian@aju.ac.zw